000 00512nam a2200157 a 4500
001 000043461
005 20230519124859.0
008 140318s2013 dr 000 0 spa d
020 _a9789945583458
040 _aDO-SdBNP
_bspa
_aBNPHU
100 1 _aMuñóz Domínguez, Eduardo
_971147
245 1 0 _aDécimas de mi Pueblo /
_cEduardo Muñóz Domínguez,.
260 _aSanto Domingo :
_bSantuario,
_c2013.
300 _a134 p. ;
_c24 cm.
500 _aIncluye datos biográficos del autor en la solapa de la cubierta
999 _c42950
_d42950